[Event "Podturen Mavrin Memorial 8th"]
[Site "Podturen"]
[Date "2020.01.06"]
[Round "7"]
[White "Srsan, Matija"]
[Black "Muzina, Marin"]
[Result "1/2-1/2"]
[WhiteElo "1950"]
[BlackElo "2094"]
[PlyCount "48"]
[EventDate "2020.01.03"]
[EventType "swiss"]
[EventRounds "7"]
[EventCountry "CRO"]
[SourceTitle "CBM 194 Extra"]
[Source "ChessBase"]
[SourceDate "2020.03.31"]
[SourceVersion "1"]
[SourceVersionDate "2020.03.31"]
[SourceQuality "1"]

1. e4 e6 2. d4 d5 3. Nd2 dxe4 4. Nxe4 Nf6 5. Bd3 Nbd7 6. Nxf6+ Nxf6 7. Nf3 h6 8. 0-0 Bd6 9. Qe2 0-0 10. Ne5 Qe7 11. Nc4 Bd7 12. Nxd6 Qxd6 13. Qe5 Qxe5 14. dxe5 Nd5 15. a3 Rfd8 16. c4 Nb6 17. Be3 Ba4 18. Be2 Rd7 19. Rfc1 Rad8 20. b4 a6 21. Bf3 Bc6 22. Bxc6 bxc6 23. Kf1 Na4 24. Ke2 Kh7 1/2-1/2

[Event "Podturen Mavrin Memorial 8th"]
[Site "Podturen"]
[Date "2020.01.05"]
[Round "5"]
[White "Novak, Ivan2222"]
[Black "Muzina, Marin"]
[Result "1/2-1/2"]
[WhiteElo "2192"]
[BlackElo "2094"]
[PlyCount "58"]
[EventDate "2020.01.03"]
[EventType "swiss"]
[EventRounds "7"]
[EventCountry "CRO"]
[SourceTitle "CBM 194 Extra"]
[Source "ChessBase"]
[SourceDate "2020.03.31"]
[SourceVersion "1"]
[SourceVersionDate "2020.03.31"]
[SourceQuality "1"]

1. d4 d5 2. c4 e6 3. Nf3 Nf6 4. Nc3 Be7 5. Bf4 c6 6. e3 Nbd7 7. Rc1 Nh5 8. Bg3 Nxg3 9. hxg3 Nf6 10. Qc2 Bd7 11. Bd3 dxc4 12. Bxc4 c5 13. d5 exd5 14. Nxd5 Bc6 15. Nxf6+ Bxf6 16. Rxh7 Rxh7 17. Qxh7 Qa5+ 18. Kf1 0-0-0 19. Bb3 Kb8 20. Qf5 b6 21. Ne5 Bb5+ 22. Kg1 Qd2 23. Rd1 Qxb2 24. Rxd8+ Bxd8 25. Qe4 f6 26. Nc6+ Bxc6 27. Qxc6 Qb1+ 28. Kh2 Qh7+ 29. Kg1 Qb1+ 1/2-1/2

[Event "Podturen Mavrin Memorial 8th"]
[Site "Podturen"]
[Date "2020.01.04"]
[Round "3"]
[White "Bender, Ivan"]
[Black "Muzina, Marin"]
[Result "1-0"]
[WhiteElo "2201"]
[BlackElo "2094"]
[PlyCount "129"]
[EventDate "2020.01.03"]
[EventType "swiss"]
[EventRounds "7"]
[EventCountry "CRO"]
[SourceTitle "CBM 194 Extra"]
[Source "ChessBase"]
[SourceDate "2020.03.31"]
[SourceVersion "1"]
[SourceVersionDate "2020.03.31"]
[SourceQuality "1"]

1. Nf3 d5 2. d4 e6 3. g3 b6 4. Bg2 Bb7 5. 0-0 Nf6 6. c4 Bd6 7. cxd5 exd5 8. Nh4 g6 9. Bg5 h6 10. Bc1 Bf8 11. b3 Bg7 12. Ba3 Ne4 13. e3 Nc6 14. Qd3 Qd7 15. Nd2 Nxd2 16. Qxd2 g5 17. Nf3 0-0-0 18. Rfc1 Kb8 19. Rc3 Rc8 20. Rac1 f6 21. Qc2 Nd8 22. Bf1 Bf8 23. Bxf8 Rxf8 24. Bd3 Rf7 25. b4 Re7 26. Bf5 Ne6 27. Ne1 Qd6 28. Nd3 c6 29. a4 Rce8 30. a5 Nc7 31. axb6 axb6 32. Rxc6 Bxc6 33. Qxc6 Qxc6 34. Rxc6 Re6 35. Bxe6 Rxe6 36. Rc1 Kb7 37. h4 Rc6 38. Rd1 Rc3 39. Kg2 Kc6 40. Kh3 Kb5 41. Kg4 Kc4 42. Kh5 Rxd3 43. Rxd3 Kxd3 44. Kxh6 gxh4 45. gxh4 f5 46. Kg5 Ke4 47. h5 f4 48. h6 Ne6+ 49. Kf6 Nf8 50. Kf7 fxe3 51. fxe3 Nh7 52. Kg6 Nf8+ 53. Kg7 Ne6+ 54. Kf7 Ng5+ 55. Kf6 Nh7+ 56. Ke6 Ng5+ 57. Kf6 Nh7+ 58. Kg7 Ng5 59. Kg6 Ne6 60. Kf6 Nf8 61. Ke7 Nh7 62. Kd6 Nf6 63. b5 Kxe3 64. Ke6 Ne4 65. Kxd5 1-0

[Event "CRO Cup"]
[Site "Mali Losinj"]
[Date "2019.05.19"]
[Round "6.122"]
[White "Babic, Andrija"]
[Black "Muzina, Marin"]
[Result "1/2-1/2"]
[WhiteElo "2131"]
[BlackElo "1998"]
[PlyCount "112"]
[EventDate "2019.05.15"]
[EventType "team-swiss"]
[EventRounds "6"]
[EventCountry "CRO"]
[SourceTitle "CBM 190 Extra"]
[Source "ChessBase"]
[SourceDate "2019.07.15"]
[SourceVersion "1"]
[SourceVersionDate "2019.07.15"]
[SourceQuality "1"]
[WhiteTeam "Zupanja Sladorana"]
[BlackTeam "Garesnica Mount Trade"]
[WhiteTeamCountry "CRO"]
[BlackTeamCountry "CRO"]

1. Nf3 d5 2. g3 Bf5 3. Bg2 Nc6 4. d4 e6 5. 0-0 h5 6. h4 Be7 7. Ne5 Nxe5 8. dxe5 f6 9. c4 c6 10. cxd5 exd5 11. exf6 Nxf6 12. Bg5 Qb6 13. Qc1 Bd6 14. Nc3 Ng4 15. e4 dxe4 16. Bxe4 0-0 17. Kg2 Be6 18. Qc2 Bc4 19. f3 Bxf1+ 20. Rxf1 Ne3+ 21. Bxe3 Qxe3 22. Bg6 Rad8 23. Ne4 Be7 24. Bxh5 Rd5 25. Bg4 Rd4 26. Qb1 Qd3 27. Qe1 Bb4 28. Qb1 Qxb1 29. Rxb1 Rfd8 30. Rc1 Rd1 31. Rc4 R8d4 32. Rc2 Re1 33. Be6+ Kf8 34. Bc8 b6 35. Rxc6 Re2+ 36. Kh3 Be7 37. Be6 Rxb2 38. Kg4 a5 39. Kf5 Rb5+ 40. Kg6 a4 41. Rc8+ Rd8 42. Rc7 Re5 43. Bf5 b5 44. f4 Red5 45. Be6 Rd3 46. g4 R3d4 47. Kf5 Bxh4 48. Rf7+ Kg8 49. Rb7+ Kh8 50. Rxb5 Re8 51. Bd5 Kh7 52. g5 g6+ 53. Kf6 Rdxe4 54. Rb7+ R4e7 55. Rxe7+ Rxe7 56. Kxe7 Kg7 1/2-1/2

[Event "Podturen Mavrin Memorial 7th"]
[Site "Podturen"]
[Date "2019.01.03"]
[Round "1"]
[White "Muzina, Marin"]
[Black "Kerman, Josip"]
[Result "1-0"]
[WhiteElo "1989"]
[BlackElo "1640"]
[PlyCount "61"]
[EventDate "2019.01.03"]
[EventType "swiss"]
[EventRounds "7"]
[EventCountry "CRO"]
[SourceTitle "CBM 188 Extra"]
[Source "ChessBase"]
[SourceDate "2019.02.26"]
[SourceVersion "1"]
[SourceVersionDate "2019.02.26"]
[SourceQuality "1"]

1. d4 d5 2. Bf4 Bf5 3. e3 Nf6 4. Bd3 Bxd3 5. Qxd3 c6 6. Nc3 e6 7. Nf3 Bd6 8. Ne5 Nh5 9. Bg3 f5 10. Qe2 Nf6 11. 0-0-0 Qc7 12. f3 Nbd7 13. e4 0-0 14. Nxd7 Nxd7 15. exd5 Bxg3 16. Qxe6+ Rf7 17. hxg3 Nf8 18. Qe5 Qd7 19. Rhe1 Ng6 20. Qe6 Qc7 21. d6 Qd7 22. d5 Rd8 23. dxc6 bxc6 24. Na4 Nf8 25. Qc4 Re8 26. Nc5 Rxe1 27. Nxd7 Rxd1+ 28. Kxd1 Nxd7 29. Qxc6 g5 30. c4 Nb6 31. c5 1-0

[Event "CRO-chT2 Center qual"]
[Site "Garesnica"]
[Date "2018.11.18"]
[Round "1.3"]
[White "Muzina, Marin"]
[Black "Josic, Hrvoje"]
[Result "1/2-1/2"]
[WhiteElo "1996"]
[BlackElo "2180"]
[PlyCount "60"]
[EventDate "2018.11.18"]
[EventType "team-match"]
[EventRounds "2"]
[EventCountry "CRO"]
[SourceTitle "CBM 187 Extra"]
[Source "ChessBase"]
[SourceDate "2018.11.04"]
[SourceVersion "1"]
[SourceVersionDate "2018.11.04"]
[SourceQuality "1"]
[WhiteTeam "Garesnica"]
[BlackTeam "Strigova Stridon II"]
[WhiteTeamCountry "CRO"]
[BlackTeamCountry "CRO"]

1. d4 d5 2. Bf4 Nf6 3. Nf3 c5 4. e3 Nc6 5. c3 Qb6 6. Qc1 Bf5 7. Nh4 Bd7 8. Nd2 h6 9. Nhf3 Bf5 10. dxc5 Qxc5 11. Nb3 Qb6 12. Qd1 e6 13. Bd3 Bxd3 14. Qxd3 Be7 15. 0-0 0-0 16. Rfd1 Nh5 17. Bg3 Nxg3 18. hxg3 Rfd8 19. e4 dxe4 20. Qxe4 Bf6 21. Qe2 a5 22. Qc2 a4 23. Nbd2 Qb5 24. Ne4 Be7 25. Nd4 Nxd4 26. Rxd4 Rxd4 27. cxd4 Qd5 28. Qc7 Qxe4 29. Qxe7 Rc8 30. Qd7 Qc6 1/2-1/2

[Event "CRO Cup"]
[Site "Mali Losinj"]
[Date "2018.05.19"]
[Round "5.112"]
[White "Tesla, Miro"]
[Black "Muzina, Marin"]
[Result "0-1"]
[WhiteElo "2137"]
[BlackElo "1944"]
[PlyCount "94"]
[EventDate "2018.05.16"]
[EventType "team-swiss"]
[EventRounds "6"]
[EventCountry "CRO"]
[SourceTitle "CBM 184 Extra"]
[Source "ChessBase"]
[SourceDate "2018.06.28"]
[SourceVersion "1"]
[SourceVersionDate "2018.06.28"]
[SourceQuality "1"]
[WhiteTeam "Sibenik"]
[BlackTeam "Garesnica"]
[WhiteTeamCountry "CRO"]
[BlackTeamCountry "CRO"]

1. d4 d5 2. c4 e6 3. g3 Nf6 4. Bg2 c6 5. Nf3 Nbd7 6. 0-0 Be7 7. Qc2 0-0 8. Rd1 Qc7 9. cxd5 exd5 10. Nc3 Bd6 11. Nh4 Nb6 12. Bg5 Ng4 13. Rac1 h6 14. Bd2 Qe7 15. Nf5 Bxf5 16. Qxf5 Qe6 17. Qxe6 fxe6 18. f3 Nf6 19. e4 e5 20. dxe5 Bxe5 21. exd5 Nfxd5 22. f4 Bd4+ 23. Kh1 Rad8 24. Nxd5 Nxd5 25. Bxd5+ Rxd5 26. Bc3 Bxc3 27. bxc3 Rfd8 28. Rxd5 cxd5 29. Rd1 Kf7 30. c4 Ke6 31. Kg2 Rd6 32. Kf3 dxc4 33. Rc1 b5 34. Ke4 Rd2 35. a4 a6 36. axb5 axb5 37. Rb1 Rd5 38. g4 c3 39. f5+ Kd6 40. h4 c2 41. Rc1 Rc5 42. g5 b4 43. f6 gxf6 44. gxh6 b3 45. h7 Rh5 46. Rg1 b2 47. Rg6 Ke7 0-1

[Event "CRO-ch U19"]
[Site "Vinkovci"]
[Date "2016.07.28"]
[Round "5"]
[White "Muzina, Marin"]
[Black "Markovic, Franjo Josip"]
[Result "0-1"]
[WhiteElo "1925"]
[BlackElo "2047"]
[PlyCount "96"]
[EventDate "2016.07.25"]
[EventType "swiss"]
[EventRounds "9"]
[EventCountry "CRO"]
[SourceTitle "CBM 173 Extra"]
[Source "ChessBase"]
[SourceDate "2016.08.29"]
[SourceVersion "1"]
[SourceVersionDate "2016.08.29"]
[SourceQuality "1"]

1. d4 Nf6 2. Bf4 g6 3. Nf3 Bg7 4. h3 0-0 5. e3 d6 6. Nbd2 c5 7. c3 Nc6 8. Bb5 Qb6 9. Qa4 a6 10. Bxc6 bxc6 11. Nc4 Qb5 12. Qxb5 axb5 13. Nb6 Ra6 14. Nxc8 Rxc8 15. 0-0 Rca8 16. dxc5 dxc5 17. a3 Nd5 18. Be5 f6 19. Bg3 Nb6 20. Nd2 f5 21. Nb3 Na4 22. Rab1 Kf7 23. Rfc1 c4 24. Nd4 e5 25. Nf3 Nc5 26. Bxe5 Nd3 27. Bxg7 Nxc1 28. Rxc1 Kxg7 29. Rd1 R8a7 30. Rd8 Rc7 31. Nd4 Kf6 32. Kf1 Rb6 33. Rd6+ Ke7 34. Re6+ Kd7 35. e4 fxe4 36. Ke2 Rb8 37. Rxe4 c5 38. Nc2 Re8 39. Ke3 Rxe4+ 40. Kxe4 Kd6 41. f4 Re7+ 42. Kf3 Ke6 43. g4 Rd7 44. Ke2 Rd3 45. Ne3 Kf6 46. h4 h5 47. gxh5 gxh5 48. b3 Rxe3+ 0-1

[Event "CRO-ch U19"]
[Site "Vinkovci"]
[Date "2016.07.26"]
[Round "2"]
[White "Muzina, Marin"]
[Black "Raguz, Ivan"]
[Result "1-0"]
[WhiteElo "1925"]
[BlackElo "1772"]
[PlyCount "51"]
[EventDate "2016.07.25"]
[EventType "swiss"]
[EventRounds "9"]
[EventCountry "CRO"]
[SourceTitle "CBM 173 Extra"]
[Source "ChessBase"]
[SourceDate "2016.08.29"]
[SourceVersion "1"]
[SourceVersionDate "2016.08.29"]
[SourceQuality "1"]

1. d4 d5 2. Nf3 c5 3. c3 e6 4. e3 Nf6 5. Bd3 c4 6. Bc2 Bd6 7. Nbd2 b5 8. e4 dxe4 9. Nxe4 Be7 10. 0-0 Bb7 11. Qe2 Nbd7 12. Bf4 Nxe4 13. Bxe4 Bxe4 14. Qxe4 0-0 15. Qc6 a6 16. a4 bxa4 17. Rxa4 Nb6 18. Bc7 Rc8 19. Qxb6 Qxc7 20. Qxa6 Bd6 21. g3 f6 22. Nd2 Ra8 23. Qxc4 Rxa4 24. Qxa4 Rb8 25. Qa2 Qb7 26. Qxe6+ 1-0

[Event "CRO-ch U19"]
[Site "Krapinske Toplice"]
[Date "2015.07.28"]
[Round "5"]
[White "Monjac, Mislav"]
[Black "Muzina, Marin"]
[Result "1-0"]
[WhiteElo "2217"]
[BlackElo "1825"]
[PlyCount "57"]
[EventDate "2015.07.25"]
[EventType "swiss"]
[EventRounds "9"]
[EventCountry "CRO"]
[SourceTitle "CBM 167 Extra"]
[Source "ChessBase"]
[SourceDate "2015.09.14"]
[SourceVersion "1"]
[SourceVersionDate "2015.09.14"]
[SourceQuality "1"]

1. e4 e6 2. c4 c5 3. Nf3 Nc6 4. d4 cxd4 5. Nxd4 d6 6. Nc3 a6 7. g3 Bd7 8. Bg2 Nf6 9. 0-0 Be7 10. b3 0-0 11. Bb2 Qc7 12. Rc1 Rfd8 13. Nd5 exd5 14. cxd5 Qa5 15. dxc6 Bxc6 16. Rxc6 bxc6 17. Nxc6 Qc7 18. Nxd8 Rxd8 19. Qd4 Ne8 20. Qa4 Qc2 21. Bd4 Qe2 22. Be3 Nf6 23. Rc1 Ng4 24. Bf1 Qb2 25. Rc7 Bf6 26. Bb6 Qb1 27. Rc1 Qb2 28. Rd1 Qc2 29. Rxd6 1-0

[Event "CRO-ch U19"]
[Site "Krapinske Toplice"]
[Date "2015.07.27"]
[Round "4"]
[White "Muzina, Marin"]
[Black "Djuric, Petar1111"]
[Result "1/2-1/2"]
[WhiteElo "1825"]
[BlackElo "1997"]
[PlyCount "125"]
[EventDate "2015.07.25"]
[EventType "swiss"]
[EventRounds "9"]
[EventCountry "CRO"]
[SourceTitle "CBM 167 Extra"]
[Source "ChessBase"]
[SourceDate "2015.09.14"]
[SourceVersion "1"]
[SourceVersionDate "2015.09.14"]
[SourceQuality "1"]

1. d4 Nf6 2. Nf3 e6 3. Bf4 b6 4. e3 Bb7 5. Bd3 h6 6. c4 Bb4+ 7. Nc3 Bxc3+ 8. bxc3 0-0 9. a4 d6 10. a5 Re8 11. 0-0 Nbd7 12. Bg3 e5 13. Be2 Ne4 14. Qc2 Nxg3 15. hxg3 Nf6 16. Rfd1 Qe7 17. Qb2 Ne4 18. axb6 axb6 19. Ne1 Ng5 20. Nd3 exd4 21. cxd4 Qe4 22. Ne1 Qe7 23. Rac1 Reb8 24. Rd3 Qf6 25. Rb3 Ne6 26. Bg4 Bc8 27. Bf3 Bb7 28. Bxb7 Rxb7 29. Ra3 Qd8 30. Nd3 Rba7 31. Rca1 Rxa3 32. Rxa3 Rxa3 33. Qxa3 Qb8 34. Qa4 c5 35. d5 Nc7 36. Qc6 Na6 37. Nb2 Qc7 38. Na4 Qxc6 39. dxc6 Kf8 40. Nxb6 Ke7 41. Nd5+ Kd8 42. Kf1 Nb4 43. c7+ Kd7 44. Nc3 Kxc7 45. Ke2 Nc6 46. f4 Kd7 47. g4 Ke6 48. Kd3 g6 49. e4 f5 50. exf5+ gxf5 51. gxf5+ Kxf5 52. g3 h5 53. Ne4 Ke6 54. Ng5+ Kf5 55. Ne4 Nb4+ 56. Ke3 d5 57. Nxc5 dxc4 58. Kd4 c3 59. Kxc3 Nd5+ 60. Kd3 Nxf4+ 61. gxf4 Kxf4 62. Ke2 Kg3 63. Kf1 1/2-1/2

[Event "CRO-ch U19"]
[Site "Krapinske Toplice"]
[Date "2015.07.26"]
[Round "2"]
[White "Muzina, Marin"]
[Black "Rajter, Emil"]
[Result "1/2-1/2"]
[WhiteElo "1825"]
[BlackElo "1897"]
[PlyCount "67"]
[EventDate "2015.07.25"]
[EventType "swiss"]
[EventRounds "9"]
[EventCountry "CRO"]
[SourceTitle "CBM 167 Extra"]
[Source "ChessBase"]
[SourceDate "2015.09.14"]
[SourceVersion "1"]
[SourceVersionDate "2015.09.14"]
[SourceQuality "1"]

1. d4 Nf6 2. Nf3 e6 3. Bf4 b6 4. e3 Bb7 5. c4 Bb4+ 6. Nc3 d6 7. Qa4+ Nc6 8. Bd3 0-0 9. Rc1 e5 10. d5 Bxc3+ 11. Rxc3 exf4 12. dxc6 Qe8 13. Be2 Bxc6 14. Qc2 Ne4 15. Ra3 fxe3 16. Rxe3 f5 17. Bd3 Qf7 18. 0-0 Nc5 19. Rfe1 Nxd3 20. Qxd3 Bxf3 21. gxf3 Rae8 22. Rxe8 Rxe8 23. Rxe8+ Qxe8 24. Qd5+ Qf7 25. Qa8+ Qf8 26. Qxa7 Qe7 27. b3 h6 28. Qa8+ Kh7 29. Qd5 Qg5+ 30. Kf1 Qf4 31. Kg2 Qg5+ 32. Kf1 Qc1+ 33. Kg2 Qf4 34. Qf7 1/2-1/2

[Event "CRO-ch U19"]
[Site "Krapinske Toplice"]
[Date "2015.07.25"]
[Round "1"]
[White "Pavic, Filip"]
[Black "Muzina, Marin"]
[Result "1-0"]
[WhiteElo "2158"]
[BlackElo "1825"]
[PlyCount "51"]
[EventDate "2015.07.25"]
[EventType "swiss"]
[EventRounds "9"]
[EventCountry "CRO"]
[SourceTitle "CBM 167 Extra"]
[Source "ChessBase"]
[SourceDate "2015.09.14"]
[SourceVersion "1"]
[SourceVersionDate "2015.09.14"]
[SourceQuality "1"]

1. e4 e6 2. d4 d5 3. Nc3 Bb4 4. e5 c5 5. a3 Bxc3+ 6. bxc3 Ne7 7. Qg4 0-0 8. Bd3 Nbc6 9. Nf3 f6 10. Bh6 Ng6 11. Bxg6 hxg6 12. Qxg6 Qc7 13. h4 Rf7 14. Bd2 Ne7 15. Qd3 Bd7 16. h5 a6 17. a4 Rc8 18. h6 gxh6 19. Rxh6 Nf5 20. Rg6+ Kh7 21. Rxf6 Rxf6 22. exf6 c4 23. Ng5+ Kg6 24. Qh3 Kxf6 25. g4 Ne7 26. Qf3+ 1-0

[Event "CRO-chT U20 23rd"]
[Site "Sv Filip i Jakov"]
[Date "2014.04.17"]
[Round "8.2"]
[White "Muzina, Marin"]
[Black "Srbis, Jurica"]
[Result "0-1"]
[WhiteElo "1750"]
[BlackElo "2377"]
[PlyCount "62"]
[EventDate "2014.04.14"]
[EventType "team-tourn"]
[EventRounds "11"]
[EventCountry "CRO"]
[SourceTitle "EXT 2016"]
[Source "ChessBase"]
[SourceDate "2015.10.08"]
[SourceVersion "1"]
[SourceVersionDate "2015.10.08"]
[SourceQuality "1"]

1. d4 Nf6 2. Nf3 c5 3. c3 d5 4. e3 Nc6 5. Bd3 Bg4 6. Nbd2 e6 7. 0-0 Bd6 8. h3 Bh5 9. Re1 0-0 10. dxc5 Bxc5 11. Nb3 Bb6 12. Bd2 Ne5 13. Be2 Bxf3 14. Bxf3 Nd3 15. Re2 Nxb2 16. Qc2 Nc4 17. e4 Ne5 18. Bg5 Nxf3+ 19. gxf3 dxe4 20. fxe4 e5 21. Kh2 Qd6 22. Rg1 Rac8 23. Rg3 Nh5 24. Rg4 Qc6 25. Qd1 Qxc3 26. Qg1 Kh8 27. Rd2 Qf3 28. Nc1 Rc3 29. Rh4 f6 30. Be3 Bxe3 31. fxe3 Rxc1 0-1

[Event "CRO-chT U20 23rd"]
[Site "Sv Filip i Jakov"]
[Date "2014.04.16"]
[Round "6.3"]
[White "Muzina, Marin"]
[Black "Plenca, Jadranko"]
[Result "0-1"]
[WhiteElo "1750"]
[BlackElo "2194"]
[PlyCount "64"]
[EventDate "2014.04.14"]
[EventType "team-tourn"]
[EventRounds "11"]
[EventCountry "CRO"]
[SourceTitle "EXT 2016"]
[Source "ChessBase"]
[SourceDate "2015.10.08"]
[SourceVersion "1"]
[SourceVersionDate "2015.10.08"]
[SourceQuality "1"]

1. d4 d5 2. Nf3 Nf6 3. Bf4 c5 4. c3 Nc6 5. e3 e6 6. Bd3 Bd6 7. Bg3 0-0 8. Nbd2 b6 9. 0-0 Bb7 10. Re1 Bxg3 11. hxg3 Qc7 12. Qc2 e5 13. dxe5 Nxe5 14. Nxe5 Qxe5 15. Nf3 Qc7 16. Rad1 Rad8 17. Re2 c4 18. Bf5 g6 19. Bh3 Ne4 20. Nd4 h5 21. Ree1 a6 22. Qe2 Kg7 23. Qf3 Nc5 24. g4 hxg4 25. Qxg4 Bc8 26. Qf3 Nd3 27. Re2 Rh8 28. Red2 Bxh3 29. gxh3 Rh5 30. Kg2 Rg5+ 31. Kf1 Qh2 32. Ke2 Nxf2 0-1

[Event "CRO-chT U20 23rd"]
[Site "Sv Filip i Jakov"]
[Date "2014.04.14"]
[Round "1.2"]
[White "Petrusic, Toni"]
[Black "Muzina, Marin"]
[Result "1/2-1/2"]
[WhiteElo "2303"]
[BlackElo "1750"]
[PlyCount "149"]
[EventDate "2014.04.14"]
[EventType "team-tourn"]
[EventRounds "11"]
[EventCountry "CRO"]
[SourceTitle "EXT 2016"]
[Source "ChessBase"]
[SourceDate "2015.10.08"]
[SourceVersion "1"]
[SourceVersionDate "2015.10.08"]
[SourceQuality "1"]

1. e4 e6 2. d4 d5 3. Nc3 Bb4 4. e5 c5 5. a3 Bxc3+ 6. bxc3 Ne7 7. Nf3 Nbc6 8. Bd3 Bd7 9. a4 Qc7 10. 0-0 h6 11. Re1 cxd4 12. cxd4 Nb4 13. Ba3 Nxd3 14. Qxd3 Rc8 15. Rec1 Bc6 16. Nd2 0-0 17. c4 Qd7 18. Bd6 f6 19. Qa3 Rf7 20. Nb3 Nf5 21. Nc5 Qe8 22. cxd5 Bxd5 23. Qb4 fxe5 24. dxe5 Qd8 25. Ne4 Rxc1+ 26. Rxc1 Bxe4 27. Qxe4 Nxd6 28. exd6 Qxd6 29. g3 Qd5 30. Qe3 a6 31. Qb6 Rd7 32. Qb4 Qf3 33. Qe1 Qd5 34. Qb4 Qf3 35. Qe1 Qd5 36. a5 e5 37. Qb4 Qd4 38. Rc8+ Kh7 39. Qf8 Qd1+ 40. Kg2 Qd5+ 41. Kg1 Qd1+ 42. Kg2 Qd5+ 43. f3 Rf7 44. Qa3 Qd2+ 45. Kg1 Qe1+ 46. Kg2 Qe2+ 47. Kh3 Qxf3 48. Qxf3 Rxf3 49. Re8 Rf5 50. Re7 e4 51. Rxb7 Re5 52. Kg2 e3 53. Kf1 e2+ 54. Ke1 Rxa5 55. Kxe2 Ra2+ 56. Kf3 Rxh2 57. Ra7 Ra2 58. Kg4 Kg6 59. Kh4 h5 60. Kh3 Kh6 61. Rc7 a5 62. Rc6+ g6 63. Ra6 a4 64. g4 hxg4+ 65. Kxg4 a3 66. Kg3 Ra1 67. Kh2 Kh5 68. Kg3 a2 69. Kg2 g5 70. Ra4 Kg6 71. Ra6+ Kf5 72. Ra5+ Ke4 73. Ra4+ Ke3 74. Ra3+ Ke2 75. Ra8 1/2-1/2

[Event "CRO-ch U17"]
[Site "Vukovar"]
[Date "2013.07.25"]
[Round "5"]
[White "Sokac, Marko"]
[Black "Muzina, Marin"]
[Result "1-0"]
[WhiteElo "2043"]
[BlackElo "1728"]
[PlyCount "89"]
[EventDate "2013.07.22"]
[EventType "swiss"]
[EventRounds "9"]
[EventCountry "CRO"]
[SourceTitle "EXT 2014"]
[Source "ChessBase"]
[SourceDate "2013.11.20"]
[SourceVersion "1"]
[SourceVersionDate "2013.11.20"]
[SourceQuality "1"]

1. e4 e6 2. d4 d5 3. Nc3 Bb4 4. e5 c5 5. a3 Bxc3+ 6. bxc3 Ne7 7. Qg4 Qa5 8. Bd2 0-0 9. Bd3 c4 10. Bxh7+ Kxh7 11. Qh4+ Kg8 12. Qxe7 Nc6 13. Qh4 f6 14. Nf3 Bd7 15. 0-0 Qd8 16. exf6 Qxf6 17. Bg5 Qg6 18. Rac1 Rf5 19. Qg3 Qh5 20. h4 Raf8 21. Ne5 Nxe5 22. dxe5 R5f7 23. f4 Kh8 24. Qh3 Qh7 25. h5 b6 26. Rf3 Qf5 27. g4 Qh7 28. h6 Ba4 29. hxg7+ Kxg7 30. Bf6+ Kg8 31. g5 Qxh3 32. Rxh3 Rh7 33. Kg2 Rxh3 34. Kxh3 Kf7 35. Kg4 Kg6 36. f5+ exf5+ 37. Kf4 Rf7 38. e6 Rxf6 39. gxf6 Kxf6 40. Re1 Ke7 41. Kxf5 Bxc2+ 42. Ke5 Be4 43. Rg1 Bf3 44. Rg7+ Kf8 45. Rf7+ 1-0

[Event "CRO-ch U15 21th"]
[Site "Osijek"]
[Date "2012.06.21"]
[Round "5"]
[White "Muzina, Marin"]
[Black "Pavcevic, Bruno"]
[Result "1/2-1/2"]
[WhiteElo "1672"]
[BlackElo "1827"]
[PlyCount "72"]
[EventDate "2012.06.19"]
[EventType "swiss"]
[EventRounds "9"]
[EventCountry "CRO"]
[SourceTitle "EXT 2013"]
[Source "ChessBase"]
[SourceDate "2012.11.22"]
[SourceVersion "1"]
[SourceVersionDate "2012.11.22"]
[SourceQuality "1"]

1. d4 Nf6 2. Nf3 e6 3. Bf4 b6 4. e3 Bb7 5. Nbd2 Be7 6. c4 0-0 7. Bd3 d6 8. Qc2 Nbd7 9. 0-0 h6 10. Rac1 Nh5 11. Bg3 Nxg3 12. hxg3 c5 13. a3 Rc8 14. b4 d5 15. dxc5 bxc5 16. Qb3 Nb6 17. Rfd1 Qe8 18. bxc5 Bxc5 19. cxd5 Bxd5 20. Qb5 Qe7 21. a4 a6 22. Qb1 a5 23. Bb5 Rc7 24. Nb3 Bb4 25. Rxc7 Qxc7 26. Rc1 Qb7 27. Nbd4 Rc8 28. Rxc8+ Nxc8 29. Qc2 Ne7 30. Kf1 f6 31. Bc4 e5 32. Bxd5+ Qxd5 33. Nb5 Kf7 34. Ke2 Qc6 35. Qb3+ Qd5 36. Qc2 Qc6 1/2-1/2

[Event "CRO-ch U15"]
[Site "Rabac"]
[Date "2011.06.23"]
[Round "7"]
[White "Muzina, Marin"]
[Black "Turcin, Lovro"]
[Result "1-0"]
[WhiteElo "1641"]
[BlackElo "1733"]
[PlyCount "35"]
[EventDate "2011.06.20"]
[EventType "swiss"]
[EventRounds "9"]
[EventCountry "CRO"]
[SourceTitle "CBM 143 Extra"]
[Source "ChessBase"]
[SourceDate "2011.08.29"]
[SourceVersion "1"]
[SourceVersionDate "2011.08.29"]
[SourceQuality "1"]

1. d4 d5 2. Nf3 Nf6 3. Bf4 e6 4. e3 Be7 5. c4 Nbd7 6. Nc3 0-0 7. Bd3 dxc4 8. Bxc4 a6 9. a3 b5 10. Be2 c5 11. dxc5 Bxc5 12. 0-0 Nb6 13. Qc2 Nbd5 14. Nxd5 Qxd5 15. Ne5 Bb7 16. Bf3 Ne4 17. Rfd1 Bd4 18. Rxd4 1-0

[Event "CRO-ch U15"]
[Site "Rabac"]
[Date "2011.06.21"]
[Round "3"]
[White "Muzina, Marin"]
[Black "Bosnjak, Petar"]
[Result "1/2-1/2"]
[WhiteElo "1641"]
[BlackElo "1706"]
[PlyCount "75"]
[EventDate "2011.06.20"]
[EventType "swiss"]
[EventRounds "9"]
[EventCountry "CRO"]
[SourceTitle "CBM 143 Extra"]
[Source "ChessBase"]
[SourceDate "2011.08.29"]
[SourceVersion "1"]
[SourceVersionDate "2011.08.29"]
[SourceQuality "1"]

1. d4 Nf6 2. Nf3 e6 3. Bf4 c5 4. c3 cxd4 5. Nxd4 d6 6. Bg3 a6 7. e3 Be7 8. Be2 0-0 9. Nd2 Qc7 10. 0-0 e5 11. N4f3 Nh5 12. Bc4 Nxg3 13. hxg3 Nd7 14. Qc2 Nf6 15. e4 b5 16. Bd3 Bb7 17. Rfe1 Rfe8 18. Rad1 Bf8 19. c4 b4 20. b3 Nd7 21. Nf1 Nc5 22. Ne3 g6 23. Nd5 Bxd5 24. cxd5 Bg7 25. Nd2 a5 26. Bb5 Rf8 27. Bc6 Rab8 28. Nc4 f5 29. f3 f4 30. Qf2 a4 31. bxa4 fxg3 32. Qxg3 Nxa4 33. Bxa4 Qxc4 34. Bb3 Qc5+ 35. Qf2 Rbc8 36. Qxc5 Rxc5 37. Rc1 Rfc8 38. Rxc5 1/2-1/2